Các công dụng của đại học = The uses of the university

Đã lưu trong:
Sonraí Bibleagrafaíochta
Príomhúdar: Kerr, Clark
Formáid: Leabhar
Teanga:Undetermined
Foilsithe: Hà Nội Tri thức 2013
Ábhair:
Clibeanna: Cuir Clib Leis
Gan Chlibeanna, Bí ar an gcéad duine leis an taifead seo a chlibeáil!
Thư viện lưu trữ: Trung tâm Học liệu Trường Đại học Cần Thơ
LEADER 00670nam a2200205Ia 4500
001 CTU_185871
008 210402s9999 xx 000 0 und d
020 |c 140000 
082 |a 378 
082 |b K41 
100 |a Kerr, Clark 
245 0 |a Các công dụng của đại học = 
245 4 |b The uses of the university 
245 0 |c Clark Kerr ; Tô Diệu Lan (dịch) ; Nguyễn Xuân Xanh (Viết lời dẫn nhập) 
260 |a Hà Nội 
260 |b Tri thức 
260 |c 2013 
650 |a Education, Higher,Giáo dục đại học 
910 |a Ngô Hồng Xuân 
980 |a Trung tâm Học liệu Trường Đại học Cần Thơ